国鉄寝台列車の停車駅(1978年) - Statistics

General Stats
  • This quiz has been taken 1,017 times
  • The average score is 113 of 179
Answer Stats
停車駅 % Correct
青森
95%
東京
95%
大阪
94%
秋田
92%
上野
92%
京都
92%
仙台
92%
名古屋
92%
静岡
91%
盛岡
91%
横浜
91%
金沢
90%
浜松
90%
宇都宮
89%
岡山
89%
89%
熱海
88%
大宮
88%
新潟
88%
博多
88%
広島
88%
下関
87%
富山
87%
福島
87%
郡山
86%
小倉
86%
八戸
86%
姫路
86%
福井
86%
米原
86%
小田原
85%
熊本
85%
神戸
85%
敦賀
85%
出雲市
84%
大分
84%
品川
84%
高崎
84%
豊橋
84%
長崎
84%
岐阜
83%
鳥取
83%
長岡
83%
宮崎
83%
倉敷
82%
高岡
82%
沼津
82%
山形
82%
福山
81%
富士
80%
鹿児島
79%
酒田
79%
三ノ宮
79%
鳥栖
79%
佐世保
78%
弘前
78%
松江
78%
米子
78%
一ノ関
77%
岩国
77%
久留米
77%
佐賀
77%
新大阪
77%
77%
77%
水戸
77%
直江津
76%
八代
76%
糸魚川
75%
別府
75%
新庄
73%
西鹿児島
73%
三原
73%
延岡
72%
花巻
72%
川内
71%
鶴岡
71%
徳山
71%
大津
70%
北上
70%
福知山
70%
諫早
69%
尾道
69%
大牟田
68%
新津
68%
門司
68%
水俣
67%
都城
67%
村上
67%
小郡
66%
新発田
66%
四日市
66%
中津
65%
大館
64%
熊谷
64%
豊岡
64%
大曲
63%
柏崎
63%
倉吉
63%
新宮
63%
城崎
62%
黒磯
62%
浜田
62%
佐伯
61%
60%
東能代
60%
横手
60%
出水
59%
水上
59%
羽後本荘
58%
宇部
57%
白石
57%
魚津
56%
大船
56%
厚狭
55%
野辺地
55%
肥前山口
54%
湯沢
52%
加賀温泉
51%
亀山
51%
松阪
51%
水沢
51%
尾鷲
50%
東三条
50%
日向市
50%
江津
49%
早岐
49%
安来
49%
赤羽
48%
宇佐
48%
浜坂
48%
宇野
47%
熊野市
47%
綾部
46%
黒崎
46%
武雄温泉
46%
臼杵
45%
小野田
44%
紀伊勝浦
44%
鷹ノ巣
44%
防府
44%
あつみ温泉
43%
大田市
43%
柳井
43%
余目
42%
隼人
42%
多気
41%
仁賀保
41%
三沢
41%
大鰐
40%
坂町
40%
39%
宮島口
39%
糸崎
37%
香住
37%
象潟
37%
下松
37%
加茂
36%
津久見
36%
阿久根
35%
紀伊長島
35%
伊集院
33%
玉造温泉
33%
八郎潟
33%
見附
33%
串木野
32%
高鍋
31%
三戸
29%
竹原
28%
遊佐
28%
霧島神宮
27%
一戸
26%
中条
25%
直方
23%
飯塚
21%
小千谷
20%
那智
14%
十文字
11%
北福岡
10%
No matching quizzes found
Score Distribution
Percent of People with Each Score
Percentile by Number Answered
Your Score History
You have not taken this quiz